|
|
|
|
| LEADER |
00000nab a2200000 a 4500 |
| 001 |
vtls000595918 |
| 003 |
SK-MaSNL |
| 005 |
20260303015613.0 |
| 008 |
160202c1996 xo 0 slo |
| 015 |
|
|
|a SNBRB19rr/mm-uuuuu
|
| 035 |
|
|
|a CL0596057
|
| 040 |
|
|
|a SNKBUCL
|b slo
|c SNKBUCL
|e AACR2
|
| 041 |
0 |
|
|a slo
|
| 044 |
|
|
|a xo
|c SK
|
| 080 |
|
|
|a 336.722(437.6):336.77
|2 1981
|
| 080 |
|
|
|a 336.77
|2 1981
|
| 100 |
1 |
|
|a (apu)
|4 aut
|9 894007
|
| 245 |
1 |
0 |
|a Ponuka Slovenskej sporiteľne
|b Niekoľko možností, ako riešiť a prekonať momentálnu nepriaznivú finančnú situáciu
|c (apu)
|
| 300 |
|
|
|b Fotogr. 1
|
| 650 |
0 |
7 |
|a Slovenská sporiteľňa, a.s., Bratislava
|2 snkbucl
|9 893725
|
| 650 |
0 |
7 |
|a úvery
|2 snkbucl
|9 2375
|
| 651 |
|
7 |
|a 5100
|2 snkbucl
|9 166206
|
| 655 |
|
7 |
|a články z novín a časopisov
|2 snkbucl
|9 267496
|
| 773 |
0 |
|
|t Slovenský profit
|g Roč. 4, č. 33 (1996), s. 8
|
| 850 |
|
|
|a Slovenská národná knižnica v Martine
|a MTA001
|
| 852 |
|
|
|a SNK
|b KIS3GCP
|
| 958 |
|
|
|a RK
|
| 958 |
|
|
|a SK
|
| 992 |
|
|
|a RBX
|
| 999 |
|
|
|c 1613708
|d 1615638
|